MARC details
| 000 -LEADER |
| fixed length control field |
02275nam a22003617a 4500 |
| 001 - CONTROL NUMBER |
| control field |
100283 |
| 003 - CONTROL NUMBER IDENTIFIER |
| control field |
KnowledgeUnlatched |
| 005 - DATE AND TIME OF LATEST TRANSACTION |
| control field |
20210303104723.0 |
| 006 - FIXED-LENGTH DATA ELEMENTS--ADDITIONAL MATERIAL CHARACTERISTICS |
| fixed length control field |
m o d |
| 007 - PHYSICAL DESCRIPTION FIXED FIELD--GENERAL INFORMATION |
| fixed length control field |
cr u|||||||||| |
| 008 - FIXED-LENGTH DATA ELEMENTS--GENERAL INFORMATION |
| fixed length control field |
210129p20172017ncu o u00| u eng d |
| 035 ## - SYSTEM CONTROL NUMBER |
| System control number |
(OCoLC)954038493 |
| 037 ## - SOURCE OF ACQUISITION |
| Institution to which field applies |
BiblioBoard |
| 020 ## - INTERNATIONAL STANDARD BOOK NUMBER |
| International Standard Book Number |
9781478091073 |
| 029 1# - OTHER SYSTEM CONTROL NUMBER (OCLC) |
| OCLC library identifier |
https://library.biblioboard.com/ext/api/media/ea6ad33e-c491-418f-b085-cfe29b50ffe5/assets/thumbnail.jpg |
| 040 ## - CATALOGING SOURCE |
| Original cataloging agency |
ScCtBLL |
| Transcribing agency |
ScCtBLL |
| 100 1# - MAIN ENTRY--PERSONAL NAME |
| Personal name |
Ameeriar, Lalaie |
| Relator term |
author. |
| 245 00 - TITLE STATEMENT |
| Title |
Downwardly Global |
| Remainder of title |
Women, Work, and Citizenship in the Pakistani Diaspora / |
| Statement of responsibility, etc. |
Lalaie Ameeriar. |
| 264 #1 - PRODUCTION, PUBLICATION, DISTRIBUTION, MANUFACTURE, AND COPYRIGHT NOTICE |
| Name of producer, publisher, distributor, manufacturer |
Duke University Press, |
| 300 ## - PHYSICAL DESCRIPTION |
| Extent |
1 online resource (222 p.) |
| 506 0# - RESTRICTIONS ON ACCESS NOTE |
| Terms governing access |
Access copy available to the general public. |
| Standardized terminology for access restriction |
Unrestricted |
| Source of term |
star |
| 520 ## - SUMMARY, ETC. |
| Summary, etc. |
In Downwardly Global Lalaie Ameeriar examines the transnational labor migration of Pakistani women to Toronto. Despite being trained professionals in fields including engineering, law, medicine, and education, they experience high levels of unemployment and poverty. Rather than addressing this downward mobility as the result of bureaucratic failures, in practice their unemployment is treated as a problem of culture and racialized bodily difference. In Toronto, a city that prides itself on multicultural inclusion, women are subjected to two distinct cultural contexts revealing that integration in Canada represents not the erasure of all differences, but the celebration of some differences and the eradication of others. Downwardly Global juxtaposes the experiences of these women. |
| 588 0# - SOURCE OF DESCRIPTION NOTE |
| Source of description note |
Description based on print version record. |
| 590 ## - LOCAL NOTE (RLIN) |
| Local note |
KU Select 2016 Front List Collection |
| 650 #7 - SUBJECT ADDED ENTRY--TOPICAL TERM |
| Topical term or geographic name entry element |
Social Science / Anthropology / Cultural & Social |
| Source of heading or term |
bisacsh |
| 650 #0 - SUBJECT ADDED ENTRY--TOPICAL TERM |
| Topical term or geographic name entry element |
Social sciences |
| 655 #0 - INDEX TERM--GENRE/FORM |
| Genre/form data or focus term |
Electronic books. |
| 758 ## - |
| -- |
Is found in: |
| -- |
Knowledge Unlatched |
| -- |
https://openresearchlibrary.org/module/2774bc74-146a-484f-a7ba-ab1d6a09bbfb |
| 856 40 - ELECTRONIC LOCATION AND ACCESS |
| Uniform Resource Identifier |
<a href="https://openresearchlibrary.org/content/ea6ad33e-c491-418f-b085-cfe29b50ffe5">https://openresearchlibrary.org/content/ea6ad33e-c491-418f-b085-cfe29b50ffe5</a> |
| Public note |
View this content on Open Research Library. |
| -- |
0 |